Nano materials for rubber industry (Record no. 63390)

MARC details
000 -LEADER
fixed length control field 00421nam a2200169Ia 4500
100 ## - MAIN ENTRY--AUTHOR NAME
Personal name Shukla Niteesh
245 #0 - TITLE STATEMENT
Title Nano materials for rubber industry
260 ## - PUBLICATION, DISTRIBUTION, ETC. (IMPRINT)
Name of publisher Rubber India
Year of publication 2009
300 ## - PHYSICAL DESCRIPTION
Number of Pages 17-24
650 ## - SUBJECT ADDED ENTRY--TOPICAL TERM
Topical Term Nanocomposites
650 ## - SUBJECT ADDED ENTRY--TOPICAL TERM
Topical Term Nanomaterials
700 ## - ADDED ENTRY--PERSONAL NAME
Personal name Chakraborty S.K.
700 ## - ADDED ENTRY--PERSONAL NAME
Personal name Choudhary P. Roy
700 ## - ADDED ENTRY--PERSONAL NAME
Personal name Mukherji A.
942 ## - ADDED ENTRY ELEMENTS (KOHA)
Koha item type Journals
Holdings
Withdrawn status Lost status Damaged status Not for loan Home library Current library Date acquired Serial Enumeration / chronology Koha item type
      Journals RRII Library RRII Library 03/12/2009 Volume LXI, Issue 6 Journals